[Event "Caribean-chT 24th"]
[Site "San Salvador"]
[Date "2023.07.06"]
[Round "5.1"]
[White "Gabriel, Davidson"]
[Black "Albornoz Cabrera, Carlos Daniel"]
[Result "0-1"]
[WhiteElo "2009"]
[BlackElo "2526"]
[PlyCount "68"]
[EventDate "2023.07.06"]
[EventType "tourn"]
[EventRounds "15"]
[EventCountry "ESA"]
[SourceTitle "CBM 215 Extra"]
[Source "ChessBase"]
[SourceDate "2023.09.30"]
[SourceVersion "1"]
[SourceVersionDate "2023.09.30"]
[SourceQuality "1"]
[WhiteTeam "Haiti"]
[BlackTeam "Cuba"]
[WhiteTeamCountry "HAI"]
[BlackTeamCountry "CUB"]

1. e4 c5 2. Nf3 d6 3. Bb5+ Nd7 4. a4 Ngf6 5. Qe2 a6 6. Bc4 e6 7. d3 Be7 8. 0-0 0-0 9. a5 b5 10. axb6 Nxb6 11. Bb3 a5 12. Nc3 Bb7 13. Bg5 h6 14. Bh4 Nh5 15. Bg3 Nxg3 16. hxg3 Bf6 17. Rfe1 Bc6 18. Na4 Bxa4 19. Bxa4 Bxb2 20. Ra2 Bc3 21. Rb1 Nxa4 22. Rxa4 Qd7 23. Rc4 Bf6 24. e5 dxe5 25. Nxe5 Qd5 26. Ng4 Bg5 27. Ne3 Qd6 28. Ra1 Rfb8 29. Rca4 Bf6 30. Nc4 Qc7 31. R1a2 Bd4 32. Rxa5 Rxa5 33. Rxa5 Qxg3 34. c3 Rb1+ 0-1

[Event "Caribean-chT Rapid 24th"]
[Site "San Salvador"]
[Date "2023.07.04"]
[Round "8.1"]
[White "Araujo Sanchez, Josue"]
[Black "Gabriel, Davidson"]
[Result "1-0"]
[WhiteElo "2237"]
[BlackElo "2009"]
[PlyCount "87"]
[EventDate "2023.07.03"]
[EventType "tourn (rapid)"]
[EventRounds "15"]
[EventCountry "ESA"]
[SourceTitle "CBM 215 Extra"]
[Source "ChessBase"]
[SourceDate "2023.09.30"]
[SourceVersion "1"]
[SourceVersionDate "2023.09.30"]
[SourceQuality "1"]
[WhiteTeam "Dominican Republic"]
[BlackTeam "Haiti"]
[WhiteTeamCountry "DOM"]
[BlackTeamCountry "HAI"]

1. d4 Nf6 2. c4 e6 3. Nf3 d5 4. g3 dxc4 5. Bg2 Be7 6. 0-0 0-0 7. Qc2 a6 8. a4 a5 9. Na3 Na6 10. Nxc4 Nb4 11. Qb1 Bd7 12. Nfe5 Nc6 13. Rd1 Nd5 14. e4 Ndb4 15. Be3 Nxe5 16. Nxe5 Be8 17. h4 Qb8 18. Nf3 Bc6 19. Rd2 Rd8 20. Bg5 Bxg5 21. hxg5 Qa7 22. b3 Rd6 23. Qe1 Rad8 24. Rad1 Be8 25. Qe3 c6 26. Bf1 b5 27. Be2 bxa4 28. bxa4 Rc8 29. Ne5 c5 30. dxc5 Rxd2 31. Rxd2 Qxc5 32. Qxc5 Rxc5 33. Rd8 Kf8 34. Bb5 Rxb5 35. axb5 Ke7 36. Rb8 a4 37. Nc4 Nc2 38. Rb7+ Kd8 39. Nd6 a3 40. Ra7 f6 41. gxf6 gxf6 42. Nxe8 Kxe8 43. b6 Kd8 44. Ra8+ 1-0

[Event "Olympiad-44"]
[Site "Chennai"]
[Date "2022.08.09"]
[Round "11.4"]
[White "Lee, Ethan1111"]
[Black "Gabriel, Davidson"]
[Result "0-1"]
[WhiteElo "1515"]
[BlackElo "1915"]
[PlyCount "52"]
[EventDate "2022.07.29"]
[EventType "team-swiss"]
[EventRounds "11"]
[EventCountry "IND"]
[SourceTitle "CBM 210"]
[Source "ChessBase"]
[SourceDate "2022.10.31"]
[SourceVersion "1"]
[SourceVersionDate "2022.10.31"]
[SourceQuality "1"]
[WhiteTeam "Guyana"]
[BlackTeam "Haiti"]
[WhiteTeamCountry "GUY"]
[BlackTeamCountry "HAI"]

1. d4 Nf6 2. Bf4 d5 3. e3 e6 4. Nf3 Bd6 5. Bg3 Ne4 6. Bd3 Nxg3 7. hxg3 h6 8. Nbd2 c5 9. c3 Qb6 10. Rb1 Bd7 11. e4 cxd4 12. Nxd4 dxe4 13. Nxe4 Be7 14. g4 Nc6 15. Nf3 0-0-0 16. Bc2 f5 17. gxf5 exf5 18. Nd6+ Bxd6 19. Qxd6 Rhe8+ 20. Kf1 Be6 21. Qg3 Re7 22. Rh5 Qa6+ 23. Kg1 Qxa2 24. Rxf5 Bb3 25. Qg4 Bxc2 26. Rf7+ Red7 0-1

[Event "Olympiad-44"]
[Site "Chennai"]
[Date "2022.08.05"]
[Round "7.4"]
[White "Ilkhomi, Jaloliddin"]
[Black "Gabriel, Davidson"]
[Result "1-0"]
[WhiteElo "2076"]
[BlackElo "1915"]
[PlyCount "119"]
[EventDate "2022.07.29"]
[EventType "team-swiss"]
[EventRounds "11"]
[EventCountry "IND"]
[SourceTitle "CBM 210"]
[Source "ChessBase"]
[SourceDate "2022.10.31"]
[SourceVersion "1"]
[SourceVersionDate "2022.10.31"]
[SourceQuality "1"]
[WhiteTeam "Tajikistan"]
[BlackTeam "Haiti"]
[WhiteTeamCountry "TJK"]
[BlackTeamCountry "HAI"]

1. d4 Nf6 2. Bf4 e6 3. e3 d5 4. Nd2 Bd6 5. Bg3 0-0 6. Ngf3 c5 7. c3 Nc6 8. Bd3 b6 9. Ne5 Bb7 10. f4 Ne7 11. Qb1 c4 12. Bc2 b5 13. 0-0 Rb8 14. Bh4 h6 15. Rf3 Ne8 16. g4 f6 17. Ng6 Nxg6 18. Bxg6 Be7 19. Qc2 Nd6 20. Kh1 Bc6 21. Rg1 b4 22. Rh3 bxc3 23. bxc3 f5 24. Bxe7 Qxe7 25. g5 hxg5 26. Rxg5 Be8 27. Qd1 Bxg6 28. Rxg6 Rf6 29. Qh5 Rxg6 30. Qh8+ Kf7 31. Qxb8 Rh6 32. Kg2 Rxh3 33. Kxh3 Ne4 34. Nf3 g5 35. fxg5 Nxg5+ 36. Kg2 Nxf3 37. Kxf3 a5 38. Qh8 Qg5 39. Qh3 Qg1 40. Kf4 Ke7 41. Qg3 Qd1 42. Ke5 Qd2 43. Qg7+ Kd8 44. Qf8+ Kd7 45. Qd6+ Kc8 46. Qxe6+ Kc7 47. Qd6+ Kc8 48. Qc5+ Kb8 49. Qf8+ Kc7 50. Qe7+ Kb6 51. Qd6+ Ka7 52. Qc7+ Ka6 53. Kxd5 Qxe3 54. Kc5 Qe6 55. a4 f4 56. Qxf4 Qb6+ 57. Kxc4 Qc6+ 58. Kb3 Qb7+ 59. Kc2 Qg2+ 60. Qd2 1-0

[Event "Online Olym Div3 D"]
[Site "Chess.com INT"]
[Date "2021.08.29"]
[Round "7.1"]
[White "Croes, Octavio"]
[Black "Gabriel, Davidson"]
[Result "0-1"]
[WhiteElo "1794"]
[BlackElo "1915"]
[PlyCount "70"]
[EventDate "2021.08.27"]
[EventType "team-tourn (rapid)"]
[EventRounds "9"]
[EventCountry "USA"]
[SourceTitle "CBM 204 Extra"]
[Source "ChessBase"]
[SourceDate "2021.11.30"]
[SourceVersion "1"]
[SourceVersionDate "2021.11.30"]
[SourceQuality "1"]
[WhiteTeam "Aruba"]
[BlackTeam "Haiti"]
[WhiteTeamCountry "ARN"]
[BlackTeamCountry "HAI"]

1. d4 d5 2. c4 c6 3. Nf3 Nf6 4. g3 Bf5 5. Bg2 e6 6. 0-0 h6 7. Nbd2 Nbd7 8. b3 Be7 9. Bb2 0-0 10. Ne5 a5 11. Rc1 a4 12. Nxd7 Qxd7 13. bxa4 Ra6 14. Re1 Rfa8 15. e4 dxe4 16. Nxe4 Nxe4 17. Bxe4 Bxe4 18. Rxe4 Rxa4 19. Re1 Rxa2 20. Qb3 Bf6 21. Rb1 Bxd4 22. Red1 c5 23. Rd2 e5 24. Kg2 Qc6+ 25. Qf3 e4 26. Qe2 e3+ 27. f3 exd2 28. Qxd2 Bxb2 29. Rxb2 Rxb2 30. Qxb2 Re8 31. Qd2 Qa4 32. Qd3 Qa2+ 33. Kh3 Qe2 34. Qd7 Qe6+ 35. Qxe6 Rxe6 0-1

[Event "Online Olym Div3 D"]
[Site "Chess.com INT"]
[Date "2021.08.27"]
[Round "1.4"]
[White "Gemy Vargas, Jose Daniel"]
[Black "Gabriel, Davidson"]
[Result "1-0"]
[WhiteElo "2380"]
[BlackElo "1915"]
[PlyCount "55"]
[EventDate "2021.08.27"]
[EventType "team-tourn (rapid)"]
[EventRounds "9"]
[EventCountry "USA"]
[SourceTitle "CBM 204 Extra"]
[Source "ChessBase"]
[SourceDate "2021.11.30"]
[SourceVersion "1"]
[SourceVersionDate "2021.11.30"]
[SourceQuality "1"]
[WhiteTeam "Bolivia"]
[BlackTeam "Haiti"]
[WhiteTeamCountry "BOL"]
[BlackTeamCountry "HAI"]

1. e4 c5 2. Nf3 d6 3. d4 cxd4 4. Nxd4 Nf6 5. Nc3 a6 6. Bg5 e6 7. f4 Nbd7 8. Qe2 Qc7 9. 0-0-0 Be7 10. g4 h6 11. Bxf6 Nxf6 12. Bg2 Rb8 13. h4 b5 14. g5 Nd7 15. Nd5 exd5 16. exd5 Nc5 17. Rhe1 Kf8 18. Kb1 Rb7 19. f5 hxg5 20. hxg5 Kg8 21. Rh1 Rxh1 22. Rxh1 Bxf5 23. Nxf5 g6 24. Qf3 gxf5 25. Qh5 f6 26. Qh8+ Kf7 27. Rh7+ Kg6 28. Qg7# 1-0

[Event "Online Olym Div4 E"]
[Site "Chess.com INT"]
[Date "2021.08.21"]
[Round "5.3"]
[White "Tchouka, Yakini"]
[Black "Gabriel, Davidson"]
[Result "0-1"]
[WhiteElo "1677"]
[BlackElo "1915"]
[PlyCount "84"]
[EventDate "2021.08.20"]
[EventType "team (rapid)"]
[EventRounds "11"]
[EventCountry "USA"]
[SourceTitle "CBM 203 Extra"]
[Source "ChessBase"]
[SourceDate "2021.09.30"]
[SourceVersion "1"]
[SourceVersionDate "2021.09.30"]
[SourceQuality "1"]
[WhiteTeam "Togo"]
[BlackTeam "Haiti"]
[WhiteTeamCountry "TOG"]
[BlackTeamCountry "HAI"]

1. e4 e5 2. Nf3 Nc6 3. Bb5 Nf6 4. 0-0 Nxe4 5. d4 Nd6 6. Bxc6 dxc6 7. dxe5 Nf5 8. Qxd8+ Kxd8 9. h3 h5 10. Nc3 Be7 11. b3 Ke8 12. Bb2 Be6 13. Rad1 Rd8 14. Ne4 Rh6 15. Rxd8+ Kxd8 16. c4 Rg6 17. Kh2 b6 18. g3 Kc8 19. h4 Kb7 20. Bc1 b5 21. Bg5 f6 22. exf6 gxf6 23. Be3 Bd6 24. Bd4 Nh6 25. Nxf6 Rxf6 26. Bxf6 Ng4+ 27. Kg2 Nxf6 28. Re1 Bf5 29. Nd4 Bd7 30. Ne6 Kb6 31. Kf3 c5 32. Nf4 Bc6+ 33. Ke2 a5 34. Kd3 Bd7 35. Nd5+ Nxd5 36. cxd5 Bf5+ 37. Kc3 Bf8 38. f3 c4 39. Kb2 c3+ 40. Kc1 Ba3+ 41. Kd1 c2+ 42. Kd2 Bb4+ 0-1

[Event "Online Olym Div4 D"]
[Site "Chess.com INT"]
[Date "2020.07.31"]
[Round "1.1"]
[White "Gabriel, Davidson"]
[Black "James, Tondo"]
[Result "1-0"]
[WhiteElo "1915"]
[BlackElo "1900"]
[PlyCount "115"]
[EventDate "2020.07.31"]
[EventType "team-tourn (rapid)"]
[EventRounds "9"]
[EventCountry "USA"]
[SourceTitle "CBM 198"]
[Source "ChessBase"]
[SourceDate "2020.10.31"]
[SourceVersion "1"]
[SourceVersionDate "2020.10.31"]
[SourceQuality "1"]
[WhiteTeam "Haiti"]
[BlackTeam "Liberia"]
[WhiteTeamCountry "HAI"]
[BlackTeamCountry "LBR"]

1. e4 c5 2. Nf3 d6 3. d4 cxd4 4. Nxd4 Nf6 5. Nc3 g6 6. Be3 Bg7 7. f3 Nc6 8. Bc4 Qb6 9. Bb5 Nd7 10. Nd5 Qa5+ 11. Bd2 Qd8 12. Nxc6 bxc6 13. Bxc6 Rb8 14. Bc3 Bxc3+ 15. Nxc3 Rxb2 16. Ba4 Qa5 17. Qd2 0-0 18. 0-0 Nc5 19. Bb3 Ba6 20. Rfd1 Rc8 21. Nd5 Nxb3 22. axb3 Qc5+ 23. Kh1 Rxc2 24. Qg5 f6 25. Nxe7+ Kf7 26. Qxc5 R8xc5 27. Nd5 Bb7 28. Rxa7 Rc1 29. Rxb7+ Kf8 30. Rg1 f5 31. h3 fxe4 32. fxe4 Rxg1+ 33. Kxg1 h5 34. Kf2 Rc2+ 35. Kf3 g5 36. Rh7 g4+ 37. hxg4 hxg4+ 38. Kg3 Re2 39. Re7 Rd2 40. Re6 Re2 41. b4 Kf7 42. Rf6+ Ke8 43. Rf4 Kd7 44. Rxg4 Ke6 45. Kf3 Rb2 46. Rg7 Ke5 47. Re7+ Kd4 48. g3 Rb3+ 49. Kf4 Rb1 50. g4 Rf1+ 51. Kg5 Re1 52. Kf6 Rf1+ 53. Kg7 Rg1 54. Nf6 Kc4 55. Rb7 d5 56. exd5 Rxg4+ 57. Nxg4 Kxd5 58. Rc7 1-0